MARC

LEADER 00000nam0a2200000 4500
001 250151
005 20231031213054.0
010 |a 5279002356 
020 |a RU  |b 89-8911 
035 |a (RuTPU)RU\TPU\book\272325 
090 |a 250151 
100 |a 20140211d1989 m y0rusy5003 ca 
101 0 |a rus 
102 |a RU 
105 |a y z 000zy 
200 1 |a Практическое программирование на dBASE  |f Д. Г. Берещанский 
210 |a Москва  |c Финансы и статистика  |d 1989 
215 |a 189,[2] с. 
606 1 |a Вычислительные машины электронные  |x Программирование  |2 stltpush  |3 (RuTPU)RU\TPU\subj\4141 
610 1 |a вычислительные машины электронные персональные 
610 1 |a программирования языки 
610 1 |a dBASE 
610 1 |a пакеты 
610 1 |a программное обеспечение 
675 |a 681.3.06  |z rus 
700 1 |a Берещанский  |b Д. Г.  |g Дмитрий Григорьевич  |4 070 
801 0 |a RU  |b RuMRKP  |c 19950417  |g psbo 
801 1 |a RU  |b 63413507  |c 20140211 
801 2 |a RU  |b 63413507  |c 20140225  |g RCR 
942 |c BK